<?xml version="1.0" encoding="UTF-8"?>
<record
    xmlns:xsi="http://www.w3.org/2001/XMLSchema-instance"
    xsi:schemaLocation="http://www.loc.gov/MARC21/slim http://www.loc.gov/standards/marcxml/schema/MARC21slim.xsd"
    xmlns="http://www.loc.gov/MARC21/slim">

  <leader>01040nam2a2200253   4500</leader>
  <controlfield tag="001">RU\NLR\BIBL_A\011315142</controlfield>
  <controlfield tag="005">20250810072142.0</controlfield>
  <datafield tag="035" ind1=" " ind2=" ">
    <subfield code="a">(NLR Aleph) 011315142</subfield>
  </datafield>
  <datafield tag="090" ind1=" " ind2=" ">
    <subfield code="a">11043792</subfield>
    <subfield code="c">11043792</subfield>
  </datafield>
  <datafield tag="100" ind1=" " ind2=" ">
    <subfield code="a">20170124d1941    c  y0rusy50      ca</subfield>
  </datafield>
  <datafield tag="101" ind1="0" ind2=" ">
    <subfield code="a">inh</subfield>
  </datafield>
  <datafield tag="102" ind1=" " ind2=" ">
    <subfield code="a">RU</subfield>
  </datafield>
  <datafield tag="105" ind1=" " ind2=" ">
    <subfield code="a">a   z   000 y</subfield>
  </datafield>
  <datafield tag="200" ind1="1" ind2=" ">
    <subfield code="a">&#x414;&#x430;&#x43A;&#x44A;&#x430; 2</subfield>
    <subfield code="e">&#x44E;&#x445;&#x445;&#x44C;&#x430;&#x43D;&#x446;&#x430;&#x440;&#x447;&#x430; &#x448;&#x43A;&#x43E;&#x43B;&#x430;&#x43D; &#x448;&#x43E;&#x43B;&#x43B;&#x430;&#x433;I&#x447;&#x430; &#x43A;&#x43B;&#x430;&#x441;&#x441;&#x430;&#x43D;&#x43D;&#x430;</subfield>
  </datafield>
  <datafield tag="205" ind1=" " ind2=" ">
    <subfield code="a">4-&#x433;I&#x430; &#x430;&#x440;&#x430;&#x445;&#x438;&#x439;&#x446;&#x430;&#x440;</subfield>
  </datafield>
  <datafield tag="210" ind1=" " ind2=" ">
    <subfield code="d">1941</subfield>
  </datafield>
  <datafield tag="215" ind1=" " ind2=" ">
    <subfield code="a">124, [4] &#x441;.</subfield>
    <subfield code="c">&#x438;&#x43B;.</subfield>
  </datafield>
  <datafield tag="461" ind1=" " ind2="0">
    <subfield code="1">001RU\NLR\BIBL_A\011315141</subfield>
    <subfield code="1">2001#$a&#x414;&#x435;&#x448;&#x430;&#x440;&#x430; &#x43A;&#x43D;&#x438;&#x436;&#x43A;&#x430;$f&#x417;&#x43E;&#x440;&#x442;&#x43E;&#x432; I&#x443;&#x43C;&#x430;&#x440;$v&#x414;&#x430;&#x43A;&#x44A;&#x430; 2</subfield>
    <subfield code="1">700#1$a&#x414;&#x437;&#x43E;&#x440;&#x442;&#x43E;&#x432;$b&#x423;.$4070</subfield>
    <subfield code="9">11043788</subfield>
    <subfield code="a">&#x414;&#x437;&#x43E;&#x440;&#x442;&#x43E;&#x432;, &#x423;.</subfield>
    <subfield code="c">&#x428;&#x43E;&#x43B;&#x436;-&#x413;I&#x430;&#x43B;&#x430;</subfield>
    <subfield code="d">1941</subfield>
    <subfield code="f">&#x417;&#x43E;&#x440;&#x442;&#x43E;&#x432; I&#x443;&#x43C;&#x430;&#x440;</subfield>
    <subfield code="n">&#x41D;&#x43E;&#x445;&#x447;&#x433;I&#x430;&#x43B;&#x433;I&#x43F;&#x430;&#x447;&#x445;&#x44C;&#x430;&#x43B;&#x43A;&#x445;&#x438;&#x437;&#x434;&#x430;&#x442;</subfield>
    <subfield code="t">&#x414;&#x435;&#x448;&#x430;&#x440;&#x430; &#x43A;&#x43D;&#x438;&#x436;&#x43A;&#x430;</subfield>
    <subfield code="v">&#x414;&#x430;&#x43A;&#x44A;&#x430; 2</subfield>
  </datafield>
  <datafield tag="852" ind1=" " ind2=" ">
    <subfield code="a">NLR</subfield>
    <subfield code="b">&#x41E;&#x41D;&#x41B;</subfield>
    <subfield code="j">&#x418;&#x43D;&#x433;&#x443;&#x448;./3-189</subfield>
  </datafield>
  <datafield tag="942" ind1=" " ind2=" ">
    <subfield code="c">BOOK</subfield>
  </datafield>
  <datafield tag="945" ind1=" " ind2=" ">
    <subfield code="a">&#x420;&#x43E;&#x441;&#x441;&#x438;&#x439;&#x441;&#x43A;&#x430;&#x44F; &#x43D;&#x430;&#x446;&#x438;&#x43E;&#x43D;&#x430;&#x43B;&#x44C;&#x43D;&#x430;&#x44F; &#x431;&#x438;&#x431;&#x43B;&#x438;&#x43E;&#x442;&#x435;&#x43A;&#x430;</subfield>
  </datafield>
  <datafield tag="980" ind1=" " ind2=" ">
    <subfield code="a">NB</subfield>
  </datafield>
  <datafield tag="980" ind1=" " ind2=" ">
    <subfield code="a">BV</subfield>
  </datafield>
  <datafield tag="995" ind1=" " ind2=" ">
    <subfield code="5">2017-01-24</subfield>
    <subfield code="b">NLR01</subfield>
    <subfield code="c">NLR01</subfield>
    <subfield code="e">ONL</subfield>
    <subfield code="f">1-1445677</subfield>
    <subfield code="k">&#x41E;&#x41D;&#x41B; &#x418;&#x43D;&#x433;&#x443;&#x448;./3-189</subfield>
    <subfield code="o">0</subfield>
    <subfield code="r">BOOK</subfield>
    <subfield code="s">_3189</subfield>
  </datafield>
</record>
